000 00582cab a22001935a 4500
001 L156452
008 120523e20120217xxk f 000 0 eng d
035 _a(Sirsi) u156452
041 0 _aeng
100 1 _aKlein, Rudi
245 0 0 _aCaught in the Act
260 _c2012
490 0 _aBuilding
_v277(8728) 18 May 2012, 47(1)
520 _aThe amended Construction Act has now been in effect for over six months, a look at its impact on contracts and what it offers if things go wrong.
590 _aKA
651 4 _aUnited Kingdom
_y
690 _aContracts
_96232
942 _n0
999 _c84021
_d84021